LEADER 01492nam--2200421---450- 001 990002456710203316 005 20050729094709.0 010 $a92-78-40127-7 035 $a000245671 035 $aUSA01000245671 035 $a(ALEPH)000245671USA01 035 $a000245671 100 $a20050729d2003----km-y0itaa50------ba 101 0 $aita 102 $aLU 105 $ay---z---001yy 200 1 $aVersioni consolidate del trattato sull'Unione Europea e del trattato che istituisce la Comunita europea$e(GU C 325 del 24.12.2002)$fUnione europea 210 $aLussemburgo$cUfficio delle pubblicazioni ufficiali delle Comunita europee$d2003 215 $a184 p.$d25 cm 300 $aTit. in cop: Trattati consolidati 410 0$12001 454 1 $12001 461 1$1001------$12001 517 1$aTrattati consolidati 606 0 $aUnione europea$xTrattati internazionali$xTesti 676 $a341.24220265 699 $a01.11$bDiritto delle CE - Convenzioni - Trattati - Tassazione 710 02$aUnione europea$0361259 801 0$aIT$bsalbc$gISBD 912 $a990002456710203316 951 $aCDE 01.11 (XIII)$b12530 E.C.$cCDE 01.11$d00134904 959 $aBK 969 $aCDE 979 $aIANNONE$b90$c20050729$lUSA01$h0947 979 $aPATRY$b90$c20060718$lUSA01$h1617 979 $aCHIARA$b90$c20101001$lUSA01$h1053 996 $aVersioni consolidate del Trattato sull'Unione Europea e del trattato che istituisce la Comunità europea$91030772 997 $aUNISA LEADER 01076nam0 22002893i 450 001 996239649103316 005 20171206103954.0 010 $a978-88-495-3412-2 100 $a20171206d2017----km y0itay5003 ba 101 $aita$aspa 102 $aIT 105 0 $ay 00 y 200 1 $a<> Europa e le autonomie$eformazione, informazione, cultura, ovvero L'Europa tra identità e immigrazione$fa cura di Giovanni Cordini 210 $aNapoli$cEdizioni scientifiche italiane$d2017 215 $a135 p.$d24 cm 225 2 $aInstitut international d'études européennes Antonio Rosmini$v28 300 $aAtti del Convegno tenuto a Bolzano nel 2016 410 0$aInstitut international d'études européennes Antonio Rosmini$v, 28 606 $aEuropa$xImmigrazione$xAspetti socio-culturali$xAtti di congressi$2BNCF 676 $a342.24082 702 1$aCORDINI,$bGiovanni 801 0 $aIT$bsalbc$gISBD 912 $a996239649103316 951 $aXXIII.4.G. 172$b86497 G.$cXXIII.4.G.$d407150 959 $aBK 996 $aEuropa e le autonomie$91506235 997 $aUNISA